Entrenamiento de maratón para principiantes

Uloženo v:
Podrobná bibliografie
Hlavní autoři: Whitsett, David A (Autor), Dolgener, Forrest A (Autor), Kole, Tanjala Mabon (Autor)
Médium: Kniha
Jazyk:španělština
Vydáno: Barcelona Paidotribo 2007
Vydání:1a. ed
Témata:
Tagy: Přidat tag
Žádné tagy, Buďte první, kdo vytvoří štítek k tomuto záznamu!

MARC

LEADER 00000nam a2200000 a 4500
001 UCG3419
003 CL-VaPUC
008 100826e20070000SP |||||||||||||||||spa|d
020 |a 9788480199100 
082 0 4 |a 796.42  |b WHI  |2 21 
100 0 |a Whitsett, David A  |e author  |9 552550 
700 0 |a Dolgener, Forrest A  |e author  |9 552551 
700 0 |a Kole, Tanjala Mabon  |e author  |9 552552 
245 1 0 |a Entrenamiento de maratón para principiantes 
250 |a 1a. ed 
300 |a 380 p 
942 |c BK 
945 |d 20100826 00:00:00  |a mfarfan 
260 |a Barcelona  |b Paidotribo  |c 2007 
650 0 |a Atletismo  |9 307422 
650 7 |a MARATON  |2 CL-VaPUC  |9 455018 
650 7 |a ENTRENAMIENTO FISICO  |2 CL-VaPUC  |9 307393 
650 0 |a Actividad física  |9 362156 
583 |a last modification  |c 20100826 00:00:00  |k Rodrigo Vera 
999 |c 342487  |d 342485 
952 |0 0  |1 0  |4 0  |6 796_420000000000000_WHI_2007  |7 0  |8 C  |9 438697  |a BIBCUR  |b BIBCUR  |d 2019-11-22  |i 471234K  |o 796.42 WHI 2007  |p 471234K  |r 2025-04-22  |w 2019-11-22  |y BK  |k DEN